Central Library OPAC University of Rajshahi

The rise of American civilization / (Record no. 27896)

MARC details
000 -LEADER
fixed length control field 00859cam a2200277u 4500
001 - CONTROL NUMBER
control field 27896
003 - CONTROL NUMBER IDENTIFIER
rucl marc code BD-RjUL
005 - DATE AND TIME OF LATEST TRANSACTION
control field 20211209051220.0
008 - FIXED-LENGTH DATA ELEMENTS--GENERAL INFORMATION
fixed length control field 140327s1930 nyuab 001 0 eng
035 ## - SYSTEM CONTROL NUMBER
System control number (BD-RjUL)27976
040 ## - CATALOGING SOURCE
Original cataloging agency DLC
Transcribing agency CarP
Modifying agency DLC
Language of cataloging eng
041 ## - LANGUAGE CODE
Language code of text/sound track or separate title eng
082 ## - DEWEY DECIMAL CLASSIFICATION NUMBER
Classification number 973
Author mark and year BER 1930
100 1# - MAIN ENTRY--PERSONAL NAME
Personal name Beard, Charles A.
Fuller form of name (Charles Austin),
Dates associated with a name 1874-1948.
9 (RLIN) 8812
245 14 - TITLE STATEMENT
Title The rise of American civilization /
Statement of responsibility, etc. Charles A. Beard
250 ## - EDITION STATEMENT
Edition statement One volume ed.
260 ## - PUBLICATION, DISTRIBUTION, ETC. (IMPRINT)
Place of publication, distribution, etc. New York :
Name of publisher, distributor, etc. The Macmillan company,
Date of publication, distribution, etc. 1930.
300 ## - PHYSICAL DESCRIPTION
Pagination 5 p.l., 3-824 p. :
Illustrations ill. ;
Size 22 cm.
504 ## - BIBLIOGRAPHY, ETC. NOTE
Bibliography, etc includes index
651 #0 - SUBJECT ADDED ENTRY--GEOGRAPHIC NAME
Geographic name United States
General subdivision Civilization.
9 (RLIN) 85560
Geographic name United States
General subdivision History.
9 (RLIN) 85561
700 1# - ADDED ENTRY--PERSONAL NAME
Personal name Beard, Mary Ritter,
Dates associated with a name 1876-1958,
Relator term joint author.
942 ## - ADDED ENTRY ELEMENTS (KOHA)
Source of classification or shelving scheme Dewey Decimal Classification
Koha item type Books
Holdings
Lost status Source of classification or shelving scheme Damaged status Not for loan Collection code Permanent Location Current Location Shelving location Date acquired Source of acquisition Cost, normal purchase price Total Checkouts Full call number Date last seen Copy number Koha item type
  Dewey Decimal Classification     Non-fiction Central Library, University of Rajshahi Central Library, University of Rajshahi   22/02/1956 Asia foundation 0.00   973 BER 1930 27/03/2014 C-2 Books